Metodika výpočtu rentability v chovu skotu.
Metodický postup pri celkovom hodnotení ekonomiky chovu hovädzieho dobytka. Charakteristické ukazovatele štruktúry a obratu stáda a ich výpočet. Naturálne výsledky výroby. Tržby, náklady, zisk a rentabilita chovu. Postup výpočtu prevádzkovo-ekonomických výsledkov. Využiteľnosť automatizovaného výpoč...
Salvato in:
| Autore principale: | |
|---|---|
| Altri autori: | , |
| Natura: | Capitolo di libro |
| Lingua: | ceco |
| Soggetti: | |
| Tags: |
Nessun Tag, puoi essere il primo ad aggiungerne!!
|
MARC
| LEADER | 00000naa a2200000 4500 | ||
|---|---|---|---|
| 001 | r010025 | ||
| 005 | 20220831091115.3 | ||
| 041 | 0 | |a cze | |
| 044 | |a [CS] | ||
| 245 | 1 | 0 | |a Metodika výpočtu rentability v chovu skotu. |c Z. Poděbradský, M. Martínková, J. Pulkrábková |
| 520 | |a Metodický postup pri celkovom hodnotení ekonomiky chovu hovädzieho dobytka. Charakteristické ukazovatele štruktúry a obratu stáda a ich výpočet. Naturálne výsledky výroby. Tržby, náklady, zisk a rentabilita chovu. Postup výpočtu prevádzkovo-ekonomických výsledkov. Využiteľnosť automatizovaného výpočtového systému QUATRO PRO pri sledovaní ekonomiky chovu. | ||
| 610 | 2 | 0 | |a výroba živočíšna |
| 610 | 2 | 0 | |a rentabilita výroby |
| 610 | 2 | 0 | |a dobytkárstvo |
| 610 | 2 | 0 | |a využitie počítačov |
| 610 | 2 | 0 | |a QUATRO PRO |
| 610 | 2 | 0 | |a metódy ekonomicko-matematické |
| 610 | 2 | 0 | |a metodika |
| 610 | 2 | 0 | |a systémy počítačové |
| 610 | 2 | 0 | |a ukazovatele produkcie |
| 100 | 1 | |a Poděbradský, Z. | |
| 700 | 1 | |a Martínková, M. | |
| 700 | 1 | |a Pulkrábková, J. | |